000 00624nam a2200193Ii 4500
003 JO-AjNU
008 230605s9999||||xx |||||||||||||| ||und||
040 _aJO-AjNU
_bara
_erda
_cJO-AjNU
041 _aara
050 1 4 _aBP184.54.R35.A59 2005
100 3 _aإعداد: قسم النشر حدث في رمضان,
_eauthor
_913180
245 0 0 _aأنوار رمضانية
264 3 1 _aد.م: دار العلوم، 2005
300 _a236ص
336 _atext
_btxt
_2rdacontent
337 _aunmediated
_bn
_2rdamedia
338 _avolume
_bnc
_2rdacarrier
650 4 _aالصوم- شهر رمضان- فقه اسلامي
_913181
999 _aA3212
_c6780
_d6780